Enzymatic properties of a novel liquefying alpha-amylase from an alkaliphilic bacillus isolate and entire nucleotide and amino acid sequences /
שמור ב:
| מחברים אחרים: | , , , , , , , , , , |
|---|---|
| פורמט: | Bài viết |
| שפה: | English |
| נושאים: | |
| תגים: |
הוספת תג
אין תגיות, היה/י הראשונ/ה לתייג את הרשומה!
|
| Thư viện lưu trữ: | Thư viện Trường Đại học Đà Lạt |
|---|
| LEADER | 01320nam a2200445 4500 | ||
|---|---|---|---|
| 001 | DLU090091755 | ||
| 005 | ##20091201 | ||
| 040 | # | # | |a DLU |b eng |
| 041 | # | # | |a eng |
| 044 | # | # | |a us |
| 245 | # | # | |a Enzymatic properties of a novel liquefying alpha-amylase from an alkaliphilic bacillus isolate and entire nucleotide and amino acid sequences / |c Kazuaki Igarashi ... [et al.]. |
| 653 | # | # | |a Alkalophily |
| 653 | # | # | |a Bacillus |
| 653 | # | # | |a Bacteria |
| 653 | # | # | |a Enzyme |
| 653 | # | # | |a Molecular cloning |
| 653 | # | # | |a PH |
| 653 | # | # | |a Purification |
| 653 | # | # | |a Stability |
| 700 | # | # | |a Ara, Katsutoshi. |
| 700 | # | # | |a Hagihara, Hiroshi. |
| 700 | # | # | |a Hatada, Yuji. |
| 700 | # | # | |a Igarashi, Kazuaki. |
| 700 | # | # | |a Ito, Susumu. |
| 700 | # | # | |a Kawai, Shuji. |
| 700 | # | # | |a Kobayashi, Tohru. |
| 700 | # | # | |a Ozaki, Katsuya. |
| 700 | # | # | |a Saeki, Katsuhisa. |
| 700 | # | # | |a Takaiwa, Mikio. |
| 700 | # | # | |a Uemura, Takaaki. |
| 773 | # | # | |t Applied and Environmental Microbiology |g Vol. 64, no. 9 (September 1998), p. 3282-3289 |
| 920 | # | # | |a Phòng Tạp chí -- Trung tâm Thông tin - Thư viện Trường Đại học Đà Lạt |
| 994 | # | # | |a DLU |
| 900 | # | # | |a True |
| 911 | # | # | |a Trương Bảo Trâm Anh |
| 925 | # | # | |a G |
| 926 | # | # | |a A |
| 927 | # | # | |a BB |
| 980 | # | # | |a Thư viện Trường Đại học Đà Lạt |